00743nam a2200241Ia 4500003000400000005001700004008004100021020001800062040001800080041000800098082002100106100002600127245006700153250003600220260003200256300003400288650003100322650003600353650005000389700002300439700002000462700001900482OSt20220208130017.0210716s2013 xx 000 0 und d a9788126541270 cAIMIT LIBRARY aeng a658.4 212bSCHJ aSchermerhorn, John R. aOrganizational behavior /cBy John R. Schermerhorn...[et.al.]. a12th ed.bWiley Student Edition aNew Delhi :bWILEY ,c2013. aXxii, 425p. ;SI-8 ;c23.5 cm. aMotivation and performance aCommunication and collaboration aStrategy technology and organizational design aOsborn, Richard N. aUhl-Bien, Mary. aHunt, James G.